000 00844nam a2200205Ii 4500
003 JO-AjNU
008 230605s9999||||xx |||||||||||||| ||und||
017 _a2000/2/430
040 _aJO-AjNU
_bara
_erda
_cJO-AjNU
041 _aara
050 1 4 _aHD62.7.M3652 2000
100 3 _aالمنصور، كاسر نصر، م.مشارك شوقي ناجي جواد,
_eauthor
_957245
245 0 0 _aادارة المشروعات الصغيرة من الالف الى الياء
264 3 1 _aعمان: دار الحامد للنشر والتوزيع، 2000
300 _a319ص
_bيحتوي ببلوغرافية من ص 317-319ص
336 _atext
_btxt
_2rdacontent
337 _aunmediated
_bn
_2rdamedia
338 _avolume
_bnc
_2rdacarrier
650 4 _aادارة المبيعات - التسويق - ادارة الجودة الشاملة
_957246
999 _aA25640
_c29208
_d29208